Vainqueurs de la Ligue des Champions dans l'ordre - Statistiques

Statistiques générales
  • Ce quiz a été pris 120 fois
  • Le résultat moyen est 64 sur 69
Statistiques - réponses
Indice Réponse % Correct
1956 Real Madrid
100%
1957 Real Madrid
100%
1958 Real Madrid
100%
1959 Real Madrid
100%
1960 Real Madrid
100%
1966 Real Madrid
100%
1998 Real Madrid
100%
2000 Real Madrid
100%
2002 Real Madrid
100%
2014 Real Madrid
100%
2016 Real Madrid
100%
2017 Real Madrid
100%
2018 Real Madrid
100%
2022 Real Madrid
100%
2024 Real Madrid
100%
1974 Bayern Munich
97%
1975 Bayern Munich
97%
1976 Bayern Munich
97%
2001 Bayern Munich
97%
2013 Bayern Munich
97%
2020 Bayern Munich
97%
1992 Barcelone
96%
2006 Barcelone
96%
2009 Barcelone
96%
2011 Barcelone
96%
2015 Barcelone
96%
1977 Liverpool
96%
1978 Liverpool
96%
1981 Liverpool
96%
1984 Liverpool
96%
2005 Liverpool
96%
2019 Liverpool
96%
1993 Marseille
96%
1963 AC Milan
95%
1969 AC Milan
95%
1989 AC Milan
95%
1990 AC Milan
95%
1994 AC Milan
95%
2003 AC Milan
95%
2007 AC Milan
95%
2012 Chelsea
95%
2021 Chelsea
95%
1964 Inter
95%
1965 Inter
95%
2010 Inter
95%
2023 Manchester City
93%
1987 Porto
92%
2004 Porto
92%
1985 Juventus
90%
1996 Juventus
90%
1968 Manchester United
90%
1999 Manchester United
90%
2008 Manchester United
90%
1971 Ajax
89%
1972 Ajax
89%
1973 Ajax
89%
1995 Ajax
89%
1961 Benfica
89%
1962 Benfica
89%
1997 Borussia Dortmund
87%
1979 Nottingham Forest
77%
1980 Nottingham Forest
77%
1991 Étoile Rouge de Belgrade
76%
1988 PSV
75%
1986 Steaua Bucarest
70%
1967 Celtic
67%
1983 Hambourg
66%
1982 Aston Villa
63%
1970 Feyenoord
61%
Aucun quiz correspondant
Distribution des résultats
% des personnes avec chaque résultat
Percentile par nombre de réponses
Votre historique - résultats
Vous n’avez pas pris ce quiz